Daňové zaťaženie obyvateľstva sa každoročne zvyšuje
Charakteristika daňovej únosnosti (hranice zdanenia). Výdavky verejných rozpočtov SR. Podiel verejných výdavkov SR na HDP. Daňová kvóta v rozpočtovom hospodárení SR. Daňové zaťaženie podnikateľských subjektov. Podiel rozpočtových príjmov, výdavkov a deficitu na HDP v štátnom rozpočte SR.
Saved in:
| Format: | Book Chapter |
|---|---|
| Language: | Slovak |
| Subjects: | |
| Tags: |
No Tags, Be the first to tag this record!
|
MARC
| LEADER | 00000naa a2200000 4500 | ||
|---|---|---|---|
| 001 | r021779 | ||
| 005 | 20230801110147.0 | ||
| 041 | 0 | |a slo | |
| 044 | |a SK | ||
| 245 | 1 | 0 | |a Daňové zaťaženie obyvateľstva sa každoročne zvyšuje |
| 520 | |a Charakteristika daňovej únosnosti (hranice zdanenia). Výdavky verejných rozpočtov SR. Podiel verejných výdavkov SR na HDP. Daňová kvóta v rozpočtovom hospodárení SR. Daňové zaťaženie podnikateľských subjektov. Podiel rozpočtových príjmov, výdavkov a deficitu na HDP v štátnom rozpočte SR. | ||
| 610 | 2 | 0 | |a Slovensko |
| 610 | 2 | 0 | |a politika rozpočtová |
| 610 | 2 | 0 | |a 1993-1996 |
| 610 | 2 | 0 | |a dane |
| 610 | 2 | 0 | |a zaťaženie daňové |
| 610 | 2 | 0 | |a výdavky verejné |
| 610 | 2 | 0 | |a rozpočet štátny |
| 610 | 2 | 0 | |a rozpočty |